zpět

Detail výsledku týmu

AktOFFka, Buštěhrad

Datum a čas kvízu

33.5 Celkem bodů Celkový počet nahraných bodů na tomto kvízu bez doplňovacích otázek.
2. Pořadí na kvízu Konečné umístění týmu na tomto kvízu.

Zaznamenané odpovědi

# Otázka Odpověď Body Výsledky
1. Matematik a podnikatel Karel J... Tohle jsme my 1
2. Evropský parlament má novou př... z Malty 1
3. Platforma Amazon Prime Video z... Pán prstenů (Rings of Power) 1
4. Ocenění nejlepšího lyžařského... ve Švýcarsku 0
5. Biatlonistka Markéta Davidová... B) ve vytrvalostním závodě 1
6. V 17. a 18. století dominovala... merkantilismus 0
7. Jedním z nejznámějších předsta... ze Skotska 1
8. Ve kterém roce došlo ke krachu... V roce 1929. (Uznáváme 1927–1931.) 0
9. Po rozpadu zlatého standardu,... na americký dolar 0
10. Na závěr se podíváme do eurozó... B 1